000 00526nam a2200181Ia 4500
003 GCL
008 140319s9999 xx 000 0 ara d
040 _aGCL /
_cGCL
082 0 4 _a808.8014
_bس م
100 1 _aسيد صديق عبدالفتاح
245 1 0 _aموسوعة الحب فى الشرق والغرب /
_cسيد صديق عبدالفتاح
260 _a[S.N] :
_bمكتبة مدبولى ،
_c1991
300 _a425
490 _a
650 0 4 _aالادب
650 0 4 _aالرومانسية
942 _2ddc
_cBK
999 _c42782
_d42782